Statistics for Canadian Pro Sports Teams

Click here to take the quiz!

General Stats

  • This quiz has been taken 453 times
  • The average score is 10 of 12

Answer Stats

LeagueTeam% Correct
NHLMontreal Canadiens
97%
NHLToronto Maple Leafs
96%
NBAToronto Raptors
96%
NHLVancouver Canucks
96%
MLBToronto Blue Jays
94%
NHLEdmonton Oilers
93%
NHLOttawa Senators
93%
NHLCalgary Flames
92%
NHLWinnipeg Jets
91%
MLSToronto FC
62%
MLSVancouver Whitecaps
54%
MLSMontreal Impact
42%

Score Distribution

Percentile by Number Answered

Percent of People with Each Score

Your Score History

You have not taken this quiz